header

Case suspension and binary complement structure in French (Record no. 217367)

MARC details
000 -LEADER
fixed length control field 01599nam a2200361 a 4500
082 04 - DEWEY DECIMAL CLASSIFICATION NUMBER
Classification number 445
100 1# - MAIN ENTRY--AUTHOR NAME
Personal name Herschensohn, Julia Rogers,
245 10 - TITLE STATEMENT
Title Case suspension and binary complement structure in French
260 ## - PUBLICATION, DISTRIBUTION, ETC. (IMPRINT)
Place of publication Amsterdam ;
-- Philadelphia :
Name of publisher J. Benjamins,
Year of publication c1996.
300 ## - PHYSICAL DESCRIPTION
Number of Pages xi, 200 p. :
Other physical details ill.
490 1# - SERIES STATEMENT
Series statement Amsterdam studies in the theory and history of linguistic science. Series IV, Current issues in linguistic theory,
650 #0 - SUBJECT ADDED ENTRY--TOPICAL TERM
Topical Term French language
Topical Term French language
856 40 - ELECTRONIC LOCATION AND ACCESS
Uniform Resource Identifier http://site.ebrary.com/lib/rucke/Doc?id=10509501

No items available.

© 2026 Rongo University
Contact us: librarian | system librarian | Rongo university